00335nam a2200121Ia 4500008004100000041000800041082001600049100001500065245004500080260004900125300003000174365000900204240624s9999 xx 000 0 und d aeng a658.802 KIM aKIM W CHAN aBLUE OCEAN STRATEGY HOW TO CREATE UNCONT c2004aLondonbHarvard Businesss School Press axv, : 240 : p. : cm. ; 23 cb30